000 00727nam a2200253 i 4500
001 C2-0292625
003 PPAK
005 20180728024625.0
008 090107s2004 nyua|||| ||||| | eng d
020 _a1931082642
040 _aPPAK
_beng
_cPPAK
_erda
082 0 4 _a839.133
_223
090 0 0 _a839.133
_bISA
_dLCK
090 0 0 _a839.133
_bISA
_dRLCK
245 0 0 _aIsaac Bashevis Singer :
_ban album
264 1 _aNew York :
_bThe Library of America ,
_c2004
300 _a127 pages :
_bcolour illustrations ;
_c21 cm
336 _2rdacontent
_atext
337 _2rdamedia
_aunmediated
338 _2rdacarrier
_avolume
650 1 0 _aSinger, Isaac Bashevis, 1904-1991
700 0 _aIlan Stavans,
_eeditor
942 _ddc
_cB
999 _c97474
_d97474